| 000 | 00989nam a22002777a 4500 | ||
|---|---|---|---|
| 999 |
_c65978 _d65978 |
||
| 005 | 20240530110853.0 | ||
| 008 | 201102s2019 ua a g b 000 0dara d | ||
| 017 |
_a2018/2224 _bمصر. دار الكتب |
||
| 020 | _a9789773194628 | ||
| 040 |
_aEG-CaGPL _cEG-CaGPL |
||
| 082 | 0 | 4 |
_221 _a070.43/ _bر أ |
| 100 | 0 | _aريهام عاطف عبدالعظيم | |
| 245 | 1 | 0 |
_aانماط التحيز فى المعالجة الخبرية / _cريهام عاطف عبدالعظيم |
| 250 | _aط.1 | ||
| 260 |
_aالقاهرة : _bالعربى للنشر و التوزيع، _c2019 |
||
| 300 |
_a272 ص. ؛ _c24 سم. |
||
| 504 | _aيشتمل على ارجاعات ببليوجرافية | ||
| 650 | 0 | 7 |
_2qrmak _aالانباء |
| 650 | 0 | 7 |
_2qrmak _aالصحف |
| 650 | 0 | 7 |
_2qrmak _aالصحافة |
| 650 | 0 | 7 | _aالمقالات الصحفية |
| 650 | 0 | 7 | _aالاخبار الصحفية |
| 651 | _2qrmak | ||
| 942 |
_2ddc _cBK |
||